| 000 | 00587nam a2200253Ia 4500 | ||
|---|---|---|---|
| 008 | 160321s9999||||xx |||||||||||||| ||und|| | ||
| 040 | _cEnglish | ||
| 082 | _aXV H | ||
| 082 | _bBORI-7586 | ||
| 245 | _aLibrary Hand Book And Index | ||
| 260 | _aPoona | ||
| 260 | _bR.G. Kanade | ||
| 260 | _c1937 | ||
| 300 | _a121 | ||
| 300 | _cA | ||
| 300 | _ePaperback | ||
| 530 | _u00009180.pdf | ||
| 563 | _aReference | ||
| 630 | _aLibrary Hand Book And Index | ||
| 650 | _aLibrary Science | ||
| 650 | _aReference | ||
| 730 | _aLibrary Hand Book And Index | ||
| 942 | _cBOOK | ||
| 999 |
_c1356595 _d1356592 |
||